arrêts responsabilité civile - Statistiques

Statistiques générales
  • Ce quiz a été pris 15 fois
  • Le résultat moyen est 3 sur 39
Statistiques - réponses
Hint Réponse % Correct
Danseur rock Civ 2e
75%
Bootshop-Myr'Ho AP, 6 octobre 2006
50%
Acquéreur / vendeur immobilier AP, 9 mai 2008
25%
Information médecin Civ 1e, 3 juin 2010
25%
Domaine et fondements de la responsabilité civile Domaine et fondements de la responsabilité civile
25%
Le fait des choses Le fait des choses
25%
Le préjudice Le préjudice
25%
Victime initiale / par ricochet AP, 19 juin 1981
0%
Perruche AP, 7 novembre 2000
0%
Gabillet AP, 9 mai 1984
0%
Clamageran Ch Com, 3 juillet 2024
0%
Jand'heur Ch réunies, 13 février 1930
0%
Franck Ch réunies, 2 décembre 1941
0%
Levothyrox Civ 1e, 16 mars 2022
0%
Dame Cadé Civ 1e, 19 février 1941
0%
Branly Civ 1e, 27 février 1951
0%
Notaire / divorce Civ 1e, 30 avril 2014
0%
Réparation esclavage Civ 1e, 5 juillet 2023
0%
Side-car cross Civ 2e, 14 avril 2016
0%
Pari sportif Civ 2e, 14 juin 2018
0%
Baie vitrée (supermarché) Civ 2e, 15 juin 2000
0%
Travaux terrains / voisin Civ 2e, 15 mai 2008
0%
Chiens / cavalière Civ 2e, 17 janvier 2019
0%
Escalade Civ 2e, 18 mai 2000
0%
Plot Soustons Civ 2e, 18 septembre 2003
0%
Tondeuse Civ 2e, 19 juin 2003
0%
Enfant / pistolet Civ 2e, 19 juin 2003
0%
Q'Park Civ 2e, 21 décembre 2023
0%
Casino Civ 2e, 22 février 2007
0%
Karaté Civ 2e, 23 septembre 2004
0%
Baie vitrée (terrasse) Civ 2e, 24 février 2005
0%
Toit / mineur Civ 2e, 25 mai 2022
0%
Enfant / pistolet Civ 2e, 26 novembre 2020
0%
Motocyclette Civ 2e, 4 novembre 2010
0%
Airbus / agents de surveillance Civ 2e, 5 septembre 2024
0%
Le fait générateur Le fait générateur
0%
Poignard / mort imminente Mixte, 15 mars 2022
0%
Victime terrorisme [B,V] Mixte, 25 mars 2022
0%
Dangereux Mixte, 27 février 1970
0%
Aucun quiz correspondant
Distribution des résultats
% des personnes avec chaque résultat
Percentile par nombre de réponses
Votre historique - résultats
Vous n’avez pas pris ce quiz